| 000 | 00391nam a22001457a 4500 | ||
|---|---|---|---|
| 020 | _qPB. | ||
| 040 | _cFIZZA ISHAQ | ||
| 082 |
_a306 _bLAV |
||
| 100 |
_aLavenda , Robert. _9134249 |
||
| 245 |
_aCore Concepts in Cultural Anthropology / _cRobert Lavenda. |
||
| 250 | _a4th Ed. | ||
| 260 |
_aNew York: _bMcGraw-Hill, _c2010. |
||
| 300 |
_a258 P. ; _c6 x 0.4 x 9 inches, |
||
| 942 |
_2ddc _cBK |
||
| 999 |
_c617228 _d617228 |
||